| 000 | 00635nam a2200229 i 4500 | ||
|---|---|---|---|
| 001 | bg | ||
| 100 | 1 | _aDALE, Nell | |
| 245 | 1 | 0 |
_aC++ plus data structures / _cNell Dale. |
| 260 |
_aSudbury [etc.] : _bJones and Bartlett, _c1999. |
||
| 300 |
_aXXIII, 773 s. : _brys. ; _c24 cm. |
||
| 504 | _aIndeks. | ||
| 650 | 9 | _aC (język programowania) | |
| 650 | 9 | _aStruktura danych (informat.) | |
| 020 | _a0763706213 | ||
| 040 | _cBPK | ||
| 041 | 0 | _aen | |
| 080 | _a004.438C:004.6 | ||
| 920 | _a0-7637-0621-3 | ||
| 942 | _cKS | ||
| 008 | s pl f |000 0 pol | ||
| 999 |
_c40045 _d40045 |
||
| 856 |
_uhttp://koha.tu.koszalin.pl/cgi-bin/koha/opac-detail.pl?biblionumber=40045 _yKatalog online BPK |
||